000 00606pam a2200217 a 4500
001 4259912
005 20180209071255.0
008 840724s1985 nyua b 001 0 eng
010 _a 84017233
020 _a047180911X :
_c$19.95
040 _aDLC
_cDLC
_dDLC
041 _aeng
080 _a658.4
082 0 0 _a658.4 KUH
_219
100 1 _a54
101 _aLID
245 1 0 _aTo flourish among giants :
_cRobert Lawrence Kuhn.
504 _aIncludes bibliographies and index.
906 _a7
_bcbc
_corignew
_d1
_eocip
_f19
_gy-gencatlg
942 _2ddc
_cBK
999 _c42252
_d42252